[Event "Steinfurt Bezirksliga 0708"]
[Site "Germany"]
[Date "2007.11.10"]
[Round "3.5"]
[White "Sowa, Rudolf"]
[Black "Schreck, Uwe"]
[Result "1-0"]
[WhiteElo "1587"]
[BlackElo "1458"]
[PlyCount "61"]
[EventDate "2007.09.22"]
[EventType "team"]
[EventRounds "9"]
[EventCountry "GER"]
[SourceTitle "EXT 2009"]
[Source "ChessBase"]
[SourceDate "2008.11.26"]
[SourceVersion "1"]
[SourceVersionDate "2008.11.26"]
[SourceQuality "1"]
[WhiteTeam "Emsdetten Rochade III"]
[BlackTeam "Ibbenbueren II"]
[WhiteTeamCountry "GER"]
[BlackTeamCountry "GER"]

1. e4 e5 2. Nf3 Nc6 3. c3 d6 4. Be2 Nf6 5. d4 exd4 6. cxd4 Be7 7. O-O Nxe4 8.
d5 Ne5 9. Qa4+ Bd7 10. Qxe4 Nxf3+ 11. Bxf3 O-O 12. Nc3 Bf6 13. Be3 Re8 14. Qd3
Qc8 15. Bd4 Qd8 16. Rae1 Bxd4 17. Qxd4 Re7 18. Re3 Rxe3 19. Qxe3 Qf6 20. Re1 g6
21. Qd2 a6 22. a3 b5 23. Ne4 Qg7 24. g3 Re8 25. Nc3 Rb8 26. Re7 Rd8 27. Qe1 Qf6
28. Rxd7 Rxd7 29. Qe8+ Kg7 30. Qxd7 Qxf3 31. Qxc7 1-0